000 00575nam a2200205Ia 4500
005 20250326144208.0
008 250326s9999 xx 000 0 und d
020 _a0-14-400005-9
037 _aTextbook
040 _aFMSL
_beng
_cFMSL
041 _aeng
_2eng
084 _aXv.44 P3
_qFMSL
100 _aLal Vinay
245 0 _aOf cricket guinness and gandhi:Essays on Indian history and culture
_cLal Vinay
260 _aNew Delhi
_bNew Delhi, Penguin
_c2005
300 _axxv,228
365 _b295
942 _cTB
_hXv.44 P3
999 _c1302744
_d1302744